| 000 -LEADER |
| fixed length control field |
02015cam a22004338i 4500 |
| 001 - CONTROL NUMBER |
| control field |
20280774 |
| 003 - CONTROL NUMBER IDENTIFIER |
| control field |
NUST |
| 005 - DATE AND TIME OF LATEST TRANSACTION |
| control field |
20220825123522.0 |
| 006 - FIXED-LENGTH DATA ELEMENTS--ADDITIONAL MATERIAL CHARACTERISTICS |
| fixed length control field |
m |o d | |
| 007 - PHYSICAL DESCRIPTION FIXED FIELD--GENERAL INFORMATION |
| fixed length control field |
cr_||||||||||| |
| 008 - FIXED-LENGTH DATA ELEMENTS--GENERAL INFORMATION |
| fixed length control field |
180116s2018 meu ob 000 0 eng |
| 010 ## - LIBRARY OF CONGRESS CONTROL NUMBER |
| LC control number |
2018001941 |
| 020 ## - INTERNATIONAL STANDARD BOOK NUMBER |
| International Standard Book Number |
9781625311184 (ebook) |
| 020 ## - INTERNATIONAL STANDARD BOOK NUMBER |
| Canceled/invalid ISBN |
9781625311177 (pbk. : alk. paper) |
| 038 ## - RECORD CONTENT LICENSOR |
| Staff Name |
Azhar |
| 040 ## - CATALOGING SOURCE |
| Original cataloging agency |
DLC |
| Language of cataloging |
eng |
| Description conventions |
rda |
| Transcribing agency |
DLC |
| 042 ## - AUTHENTICATION CODE |
| Authentication code |
pcc |
| 050 10 - LIBRARY OF CONGRESS CALL NUMBER |
| Classification number |
LB1576 |
| 082 00 - DEWEY DECIMAL CLASSIFICATION NUMBER |
| Classification number |
372.623 |
| Edition number |
23 |
| Author Mark |
CUL |
| 100 1# - MAIN ENTRY--PERSONAL NAME |
| Personal name |
Culham, Ruth, |
| Relator term |
author. |
| 9 (RLIN) |
96131 |
| 245 10 - TITLE STATEMENT |
| Title |
Teach writing well : |
| Remainder of title |
how to assess writing, invigorate instruction, and rethink revision |
| Statement of responsibility, etc. |
Ruth Culham. |
| 260 ## - PUBLICATION, DISTRIBUTION, ETC. |
| Place of publication, distribution, etc. |
Portland, Maine : |
| Name of publisher, distributor, etc. |
Stenhouse Publishers, |
| Date of publication, distribution, etc. |
2018 |
| 263 ## - PROJECTED PUBLICATION DATE |
| Projected publication date |
1804 |
| 300 ## - PHYSICAL DESCRIPTION |
| Extent |
239p |
| 336 ## - CONTENT TYPE |
| Content type term |
text |
| Content type code |
txt |
| Source |
rdacontent |
| 337 ## - MEDIA TYPE |
| Media type term |
computer |
| Media type code |
n |
| Source |
rdamedia |
| 338 ## - CARRIER TYPE |
| Carrier type term |
online resource |
| Carrier type code |
nc |
| Source |
rdacarrier |
| 504 ## - BIBLIOGRAPHY, ETC. NOTE |
| Bibliography, etc. note |
Includes bibliographical references. |
| 505 0# - FORMATTED CONTENTS NOTE |
| Formatted contents note |
Read the writing -- Thinking back and thinking forward with the traits of writing -- Formative assessment : the heart of the matter -- Modes of writing : the challenges and rewards -- Tools and talk to guide revision -- Teach the writer -- Rethinking revision : the real work of writing -- Invigorate writing instruction -- Reading like a writer. |
| 588 ## - SOURCE OF DESCRIPTION NOTE |
| Source of description note |
Description based on print version record and CIP data provided by publisher; resource not viewed. |
| 650 #0 - SUBJECT ADDED ENTRY--TOPICAL TERM |
| Topical term or geographic name entry element |
English language |
| General subdivision |
Composition and exercises |
| -- |
Study and teaching (Elementary) |
| 9 (RLIN) |
96132 |
| 650 #0 - SUBJECT ADDED ENTRY--TOPICAL TERM |
| Topical term or geographic name entry element |
English language |
| General subdivision |
Composition and exercises |
| -- |
Evaluation. |
| 9 (RLIN) |
96133 |
| 650 #0 - SUBJECT ADDED ENTRY--TOPICAL TERM |
| Topical term or geographic name entry element |
Composition (Language arts) |
| General subdivision |
Study and teaching (Elementary) |
| 9 (RLIN) |
96134 |
| 650 #0 - SUBJECT ADDED ENTRY--TOPICAL TERM |
| Topical term or geographic name entry element |
Composition (Language arts) |
| General subdivision |
Evaluation. |
| 9 (RLIN) |
96135 |
| 776 08 - ADDITIONAL PHYSICAL FORM ENTRY |
| Relationship information |
Print version: |
| Main entry heading |
Culham, Ruth, author. |
| Title |
Teach writing well |
| Place, publisher, and date of publication |
Portland, Maine : Stenhouse Publishers, [2018] |
| International Standard Book Number |
9781625311177 |
| Record control number |
(DLC) 2017049035 |
| 906 ## - LOCAL DATA ELEMENT F, LDF (RLIN) |
| a |
7 |
| b |
cbc |
| c |
origcop |
| d |
1 |
| e |
ecip |
| f |
20 |
| g |
y-gencatlg |
| 942 ## - ADDED ENTRY ELEMENTS (KOHA) |
| Source of classification or shelving scheme |
|
| Koha item type |
Lincoln Corner |